| 000 | 01240nam a2200229Ia 4500 | ||
|---|---|---|---|
| 001 | L240-51061 | ||
| 003 | IT-CnALBA | ||
| 008 | 170116s9999||||xx |||||||||||||| ||und|| | ||
| 040 |
_aIT-CnALBA _cIT-CnALBA |
||
| 041 | _aITALIANO | ||
| 100 | _aPIRAS GIOVANNI, SACERDOTE. | ||
| 245 | 0 | _aTEMPO DI LIBERAZIONE. VIA CRUCIS PER L'ANNO GIUBILARE. | |
| 250 | _a1a ed. | ||
| 260 |
_a MI, TO _bPAOLINE EDITORIALE LIBRI _c2000 [1° Ed.:2000 - Ed.Ling.Originale: 2000] |
||
| 300 | _a50 p. | ||
| 500 | _aCONDANNA DI GESÙ A MORTE. ACCETTAZIONE DELLA CROCE. PRIMA CADUTA. INCONTRO CON LA MADRE. IL CIRENEO. LA VERONICA. SECONDA CADUTA. INCONTRO CON LE DONNE. TERZA CADUTA. GESÙ SPOGLIATO E AMEREGGIATO. CROCIFISSO. MORTE IN CROCE. DEPOSTO DALLA CROCE. NEL SEPOL | ||
| 501 | _aSocietà San Paolo EM - Piazza San Paolo, 14 - 12051 ALBA (CN) (non commercial uses only) ® Copyright 2017 | ||
| 520 | _aCONDANNA DI GESÙ A MORTE. ACCETTAZIONE DELLA CROCE. PRIMA CADUTA. INCONTRO CON LA MADRE. IL CIRENEO. LA VERONICA. SECONDA CADUTA. INCONTRO CON LE DONNE. TERZA CADUTA. GESÙ SPOGLIATO E AMEREGGIATO. CROCIFISSO. MORTE IN CROCE. DEPOSTO DALLA CROCE. NEL SEPOL | ||
| 650 | _aTEOLOGIA SPIRITUALE CRISTIANA | ||
| 942 | _cBK | ||
| 957 | _71 | ||
| 999 |
_a57585 _bNO _g Copie: 1 _c309949 _d309949 |
||